00403 2200157 4500001002100000008004100021035002000062245004600082100002000128260003100148300001200179084001600191082000800207650001200215990001800227INLIS000000000000499 ind  a0010-0724000499 aAsal Mula Roro JonggrangcTira Ikranegara aTira Ikranegara aSurabayabSerba Jayac2008 a64 hlm. a398.5 TIR r a398 aFolklor aP29/CP/24/499